Phương gió nổi, Vầng trăng dấu hỏi : Thơ
Đã lưu trong:
| Príomhúdar: | |
|---|---|
| Formáid: | Leabhar |
| Teanga: | Undetermined |
| Foilsithe: |
Hà Nội
Hội Nhà văn
2014
|
| Ábhair: | |
| Clibeanna: |
Cuir Clib Leis
Gan Chlibeanna, Bí ar an gcéad duine leis an taifead seo a chlibeáil!
|
| Thư viện lưu trữ: | Trung tâm Học liệu Trường Đại học Cần Thơ |
|---|
| LEADER | 00639nam a2200205Ia 4500 | ||
|---|---|---|---|
| 001 | CTU_210096 | ||
| 008 | 210402s9999 xx 000 0 und d | ||
| 082 | |a 895.922134 | ||
| 082 | |b Ph500 | ||
| 100 | |a Ngô, Văn Phú | ||
| 245 | 0 | |a Phương gió nổi, Vầng trăng dấu hỏi : | |
| 245 | 0 | |b Thơ | |
| 245 | 0 | |c Ngô Văn Phú | |
| 260 | |a Hà Nội | ||
| 260 | |b Hội Nhà văn | ||
| 260 | |c 2014 | ||
| 650 | |a Vietnamese literature,Văn học Việt Nam | ||
| 650 | |y 20th century,Thế kỷ 20 | ||
| 904 | |i Trương Thủy Ly, Trúc | ||
| 980 | |a Trung tâm Học liệu Trường Đại học Cần Thơ | ||